Remembering Pyarelal : (Record no. 83859)

MARC details
000 -LEADER
fixed length control field 00542nam a22001697a 4500
005 - DATE AND TIME OF LATEST TRANSACTION
control field 20140507104105.0
010 ## - LCCN (DPL NO)
LC control number ENG-109832
020 ## - INTERNATIONAL STANDARD BOOK NUMBER
International Standard Book Number 9789383649082
Terms of availability 795.00
035 ## - SYSTEM CONTROL NUMBER
System control number EN-93365
037 ## - SOURCE OF ACQUISITION
Source of stock number/acquisition DBAD/PUB
245 00 - TITLE STATEMENT
Title Remembering Pyarelal :
Statement of responsibility, etc edited and compiled by D. C. Jha
Remainder of title Mahatma Gandhi's secretarty and biographer /
260 ## - PUBLICATION, DISTRIBUTION, ETC. (IMPRINT)
Place of publication, distribution, etc New Delhi
Name of publisher, distributor, etc KW Publishers
Date of publication, distribution, etc 2014
270 ## - ADDRESS
Address 4676/21, First Floor, Ansari Road, Daryaganj,
City New Delhi
Postal code 110002
300 ## - PHYSICAL DESCRIPTION
Extent xxvii,250p.
Dimensions 24cm(pbk)
700 ## - ADDED ENTRY--PERSONAL NAME
Personal name Jha, D.C.
942 ## - ADDED ENTRY ELEMENTS (KOHA)
Source of classification or shelving scheme Dewey Decimal Classification
Item type English Books
Call number suffix JHA
Holdings
Withdrawn status Lost status Not for loan Collection code Home library Current library Date acquired Source of acquisition Cost, normal purchase price Full call number Barcode Copy number Cost, replacement price Koha item type
    Not For Loan Non-fiction D.B.Act.Division D.B.Act.Division 29/04/2014 DBAD/PUB 795.00 JHA EN-93365 1 795.00 English Books

© Delhi Public Library
Hit Counter
free hit counter